Football Club Logos #1 - Statistics

General Stats
  • This quiz has been taken 120 times
  • The average score is 13 of 16
Answer Stats
Picture Answer % Correct
Juventus
100%
Real Madrid
100%
Arsenal
99%
Inter Milan
98%
Manchester United
97%
Barcelona
92%
Ajax
90%
Bayern Munich
90%
Borussia Dortmund
88%
Sporting CP
87%
Celtic
76%
Roma
71%
Boca Juniors
70%
Marseille
68%
Shakhtar Donetsk
56%
Anderlecht
41%
No matching quizzes found
Score Distribution
Percent of People with Each Score
Percentile by Number Answered
Your Score History
You have not taken this quiz